000 00595nam a22001457a 4500
020 _a0-689-83680-5
082 _a823
_bMEN/G
100 _aMENDES, VALERIE
245 _aGIRL IN THE ATTIC
260 _aGREAT BRITAIN
_bSIMON & SCHUSTER
_c2002
300 _a213
520 _aAfter tragedy strikes their home, Frederick Chandler—a stern, irritable, violent widower—pulls his teenage daughter, Sydney, out of school and locks her in his attic. He justifies his actions by claiming he's protecting her from a cruel world while homeschooling her.
650 _aNOVEL
_zUNITED KINGDOM
942 _cBK
999 _c3029
_d3029